[Event "Gironi-ch B"]
[Site "Sant Gregori"]
[Date "2007.10.21"]
[Round "3.2"]
[White "Cusi Garcia, Arnau"]
[Black "Lloreda Font, Albert"]
[Result "0-1"]
[WhiteElo "1806"]
[BlackElo "1821"]
[PlyCount "24"]
[EventDate "2007.10.07"]
[EventType "swiss"]
[EventRounds "8"]
[EventCountry "ESP"]
[SourceTitle "EXT 2024"]
[Source "ChessBase"]
[SourceDate "2023.10.10"]
[SourceVersion "1"]
[SourceVersionDate "2023.10.10"]
[SourceQuality "1"]

1. e4 d5 2. exd5 Qxd5 3. Nf3 Nf6 4. Nc3 Qa5 5. h3 Bf5 6. Bc4 e6 7. a3 Nbd7 8. d4 Bd6 9. Bd2 c6 10. Nb5 Qd8 11. Nxd6+ Kf8 12. Bb4 Kg8 0-1